| 000 | 00951nam a22001937a 4500 | ||
|---|---|---|---|
| 999 |
_c63741 _d63741 |
||
| 003 | Ge_BSU | ||
| 005 | 20251219142102.0 | ||
| 008 | 251219s2025 ge ||||| |||| 00| 0 geo d | ||
| 020 | _a9789941985898 | ||
| 041 | _ageo | ||
| 080 | _a330(038) ბ-83 | ||
| 100 |
_aბოლქვაძე, ბესიკ _91967 |
||
| 245 |
_aლათინური წარმოშობის ეკონომიკურ ტერმინთა ლექსიკონი = Dictionary of the Latin-Derived Economic Terms / _cბესიკ ბოლქვაძე; მთ. რედ. რამაზ აბესაძე. |
||
| 264 |
_aთბილისი : _bლოგოსი, _c2025. |
||
| 300 |
_a472 გვ.; _b21 სმ. |
||
| 653 | _aლათინური წარმოშობის ეკონომიკური ტერმინები | ||
| 700 |
_aაბესაძე, რამაზ _9905 |
||
| 942 |
_2udc _cᲬᲘᲒᲜᲘ |
||